000 00415nam a2200181Ia 4500
001 10940
005 20260306161909.0
008 260306t2010||||xx |||||||||||||| ||spa||
041 _aESP
082 _a983
_bCH523
100 _aZegers A., Cristián [Dir.]
_eAUT
245 0 _aChile en cuatro momentos
260 _c2010
300 _a
_c28 cm.
650 _aGEN
654 _aCHU
942 _cLIB
_dJUS
_fJUS
_2ddc
_n
999 _c10940
_d10940